Rubber die technique (Record no. 67569)

MARC details
000 -LEADER
fixed length control field 00281nam a2200121Ia 4500
100 ## - MAIN ENTRY--AUTHOR NAME
Personal name Burnside G B
245 #0 - TITLE STATEMENT
Title Rubber die technique
260 ## - PUBLICATION, DISTRIBUTION, ETC. (IMPRINT)
Name of publisher IRI Transactions
Year of publication 1944
300 ## - PHYSICAL DESCRIPTION
Number of Pages 81-92
650 ## - SUBJECT ADDED ENTRY--TOPICAL TERM
Topical Term Rubber die
942 ## - ADDED ENTRY ELEMENTS (KOHA)
Koha item type Journals
Holdings
Withdrawn status Lost status Damaged status Not for loan Home library Current library Shelving location Date acquired Serial Enumeration / chronology Koha item type
      Journals RRII Library RRII Library Rubber chemistry 17/12/2021 Volume 20, Issue 3 Journals